Desarrollo de competencias docentes en educación patrimonial mediante plataformas 2.0 y entornos digitales como herramienta de aprendizaje (Record no. 207741)
[ view plain ]
| 000 -CABECERA | |
|---|---|
| campo de control de longitud fija | 02303cab a2200301 a 4500 |
| 005 - FECHA Y HORA DE LA ÚLTIMA TRANSACCIÓN | |
| campo de control | 20251210064116.0 |
| 008 - ELEMENTOS DE LONGITUD FIJA--INFORMACIÓN GENERAL | |
| campo de control de longitud fija | 991125c2020 sp tr p o 000 0 spa d |
| 035 ## - NÚMERO DE CONTROL DEL SISTEMA | |
| Número de control de sistema | UPN01000235646 |
| 040 ## - FUENTE DE LA CATALOGACIÓN | |
| Centro catalogador/agencia de origen | MX-MxUPN |
| Lengua de catalogación | spa |
| Normas de descripción | aacr2 |
| 049 ## - COLECCIÓN | |
| Colección | ART-E |
| 100 1# - ASIENTO PRINCIPAL--NOMBRE PERSONAL | |
| Nombre de persona | Fontal Merillas, Olaia |
| Enlace | - olaia.fontal@uva.es |
| 100 1# - ASIENTO PRINCIPAL--NOMBRE PERSONAL | |
| Nombre de persona | García Ceballos, Silvia |
| 100 1# - ASIENTO PRINCIPAL--NOMBRE PERSONAL | |
| Nombre de persona | Aso Morán, Borja |
| 245 10 - MENCIÓN DE TÍTULO | |
| Título | Desarrollo de competencias docentes en educación patrimonial mediante plataformas 2.0 y entornos digitales como herramienta de aprendizaje |
| Medio | [recurso electrónico en línea] |
| 506 0# - NOTA DE RESTRICCIONES AL ACCESO | |
| Limitaciones de acceso | Acceso abierto |
| 520 3# - NOTA DE RESUMEN, ETC. | |
| Sumario, etc. | El desarrollo de competencias docentes en educación patrimonial ha de estar presente en los grados formativos de los futuros docentes. Este artículo presenta una investigación estructurada en dos fases, realizada a 132 alumnos de 2º grado de educación primaria: un estudio exploratorio sobre la presencia del patrimonio en las etapas educativas previas a la formación universitaria, y un estudio comparativo pretest-postest que analiza la transformación conceptual que se produce en la noción de patrimonio antes y después de trabajar la educación patrimonial mediante el uso de plataformas 2.0 y entornos digitales. La revisión teórica nos lleva a definir una propuesta pionera de competencias docentes en educación patrimonial y los principales resultados del estudio indican que: (a) los alumnos poseen una noción inicial reduccionista del patrimonio, (b) tras la implementación educativa el concepto orbita hacia una definición integral y humanista, y (c) las reconceptualizaciones integran valores, usos y aportaciones del patrimonio, además de mostrar compromiso y responsabilidad con el legado cultural. |
| 650 #4 - ASIENTO SECUNDARIO DE MATERIA - TERMINO TEMATICO | |
| Término de materia o nombre geográfico como elemento de entrada | Educación primaria |
| 9 (RLIN) | 1552 |
| 650 #4 - ASIENTO SECUNDARIO DE MATERIA - TERMINO TEMATICO | |
| Término de materia o nombre geográfico como elemento de entrada | Patrimonio cultural |
| 9 (RLIN) | 19284 |
| 650 #4 - ASIENTO SECUNDARIO DE MATERIA - TERMINO TEMATICO | |
| Término de materia o nombre geográfico como elemento de entrada | Tecnologías de la información y comunicación |
| 9 (RLIN) | 21219 |
| 653 0# - TERMINO DE INDIZACION - NO CONTROLADO | |
| Término no controlado | Educación patrimonial |
| 653 0# - TERMINO DE INDIZACION - NO CONTROLADO | |
| Término no controlado | Competencias docentes |
| 653 0# - TERMINO DE INDIZACION - NO CONTROLADO | |
| Término no controlado | Plataforma educativa |
| 773 ## - ENLACE AL DOCUMENTO FUENTE/ENTRADA DE REGISTRO ANFITRIÓN | |
| Parte(s) relacionada(s) | No. 101 (2020), p. 1-14 |
| Título | Investigación en la escuela |
| Número Internacional Normalizado para Publicaciones Seriadas | 2443-9991 |
| 856 40 - LOCALIZACIÓN Y ACCESO ELECTRÓNICOS | |
| Identificador Uniforme del Recurso | <a href="https://revistascientificas.us.es/index.php/IE/article/view/11883/10703">https://revistascientificas.us.es/index.php/IE/article/view/11883/10703</a> |
| 856 40 - LOCALIZACIÓN Y ACCESO ELECTRÓNICOS | |
| Identificador Uniforme del Recurso | <a href="https://doi.org/10.12795/IE.2020.i101.01">https://doi.org/10.12795/IE.2020.i101.01</a> |
| Nota pública | Consultar articulo completo |
| 905 ## - TIPO DE MATERIAL | |
| Tipo de material | Articulo |
| 942 ## - ELEMENTOS DE PUNTO DE ACCESO ADICIONAL (KOHA) | |
| Tipo de ítem Koha | Artículo Electrónico |
| Estado de retiro | Estado de pérdida | Estado dañado | No para préstamo | Código de colección | Localización permanente | Ubicación/localización actual | Ubicación en estantería | Fecha de adquisición | Fecha visto por última vez | Identificador Uniforme del Recurso | Tipo de ítem Koha |
|---|---|---|---|---|---|---|---|---|---|---|---|
| Acceso abierto | Bib. Gregorio Torres Quintero | Bib. Gregorio Torres Quintero | En línea | 22/08/2022 | 22/08/2022 | https://doi.org/10.12795/IE.2020.i101.01 | Artículo Electrónico |
